|
|
|
|
| LEADER |
00000nam a2200000 a 4500 |
| 001 |
vtls001426181 |
| 003 |
SK-MaSNL |
| 005 |
20260302001800.0 |
| 008 |
240226s2001 xo r eng |
| 015 |
|
|
|a SNBA2002/04-01520
|
| 035 |
|
|
|a SNK000381115
|
| 035 |
|
|
|a urn:nbn:sk:snk-amti78
|
| 035 |
|
|
|a urn:nbn:sk:snk-am00c576
|
| 035 |
|
|
|a 32FFFD1E-9817-44A9-9700-32C0DCAB5169
|
| 040 |
|
|
|a SNK
|b slo
|c SNK
|e AACR2
|
| 041 |
0 |
|
|a eng
|
| 044 |
|
|
|a xo
|c SK
|
| 080 |
|
|
|a 355.02(437.6)=20
|2 1981
|
| 110 |
0 |
|
|a Slovensko.
|b Ministerstvo obrany
|4 aut
|9 114952
|
| 245 |
1 |
|
|a Defense strategy of the Slovak republic approved by the National council of the Slovak republic on 25th may 2001
|
| 260 |
|
|
|a [Bratislava
|b Ministry of Defence of the Slovak Republic
|c 2001]
|
| 300 |
|
|
|a 41 s.
|c 30 cm
|
| 650 |
0 |
7 |
|a obrana
|z Slovensko
|x stratégia
|2 SNK
|9 584880
|
| 651 |
|
7 |
|a Slovensko
|x stratégia obranná
|2 SNK
|9 584881
|
| 655 |
|
7 |
|a príručky
|2 SNK
|9 74364
|
| 710 |
1 |
|
|a Slovensko.
|b Ministerstvo obrany
|4 pbl
|9 114952
|
| 958 |
|
|
|a TL
|
| 958 |
|
|
|a BQ
|
| 958 |
|
|
|a OND
|
| 999 |
|
|
|c 985262
|d 987192
|
| 952 |
|
|
|t P60, <03>, [BOOK], {603}
|a SNK
|b SNK
|y PREZ
|7 0
|p 17A0326712
|o snkSB 64305
|i snkKSP 66/2002
|0 0
|1 0
|4 0
|d 2002-01-04
|f 1
|l 0
|r 2025-04-14 00:00:00
|w 2026-02-24
|
| 952 |
|
|
|t P60, <04>, [BOOK], {604}
|a SNK
|b SNK
|y VYP
|7 0
|p 17A0326713
|o snkSB 64305 D1
|i snkKSP 67/2002
|0 0
|1 0
|4 0
|d 2002-01-04
|l 0
|r 2005-01-02 00:00:00
|w 2026-02-24
|